000 00677na a2200229 4500
001 17675
003 MIRAKIL
005 20181213154756.0
008 161101b tu 000 0
040 _aMilas
_btur
_cTR-AnCHP
041 _atur
082 _a331.125
_bİ77 2000
090 _a331.125 İ77 2000
245 _aİşsizlik sigortası aktif istihdam politikaları ve özel istihdam böroları
_cTİSK
260 _a[Ankara]
_bTİSK
_c2000
300 _a112 s.
_btbl.
_c24 sm.
490 _aTürkiye İşveren Sendikaları Konfederasyonu
_v196
650 _aİsşizlik
_zTürkiye
650 _aİstihdam Politikaları
_zTürkiye
710 _aTİSK
942 _2ddc
_cBKS
999 _c644
_d644